[Event "Mundial Juvenil 2005 s18"]
[Site "Belfort FRA"]
[Date "2005.07.21"]
[Round "3.9"]
[White "Skoberne, Jure"]
[Black "Pashikian, Arman"]
[Result "0-1"]
[WhiteElo "2312"]
[BlackElo "2442"]
[PlyCount "62"]
[EventDate "2005.07.19"]
[EventType "swiss"]
[EventRounds "11"]
[EventCountry "FRA"]
[Source "lmi"]
[SourceDate "2005.07.31"]

1. e4 c5 2. c3 e6 3. d4 d5 4. exd5 exd5 5. Nf3 Nc6 6. Bb5 Bd6 7. dxc5 Bxc5 8.
Nbd2 Nf6 9. Nb3 Bb6 10. O-O O-O 11. h3 Ne4 12. Nbd4 Qd6 13. Be3 Bc7 14. Ne2 Qg6
15. Kh1 Be6 16. Bf4 Bb6 17. Ned4 Qf6 18. Be3 Rad8 19. Qa4 Bd7 20. Rae1 Rfe8 21.
Qd1 Nxd4 22. Bxd4 Bxd4 23. Bxd7 Nxf2+ 24. Rxf2 Rxe1+ 25. Qxe1 Bxf2 26. Qxf2
Rxd7 27. Qxa7 h6 28. Qb8+ Kh7 29. a4 Re7 30. a5 Re2 31. Qxb7 Qg6 0-1

[Event "Mundial Juvenil 2005 s18"]
[Site "Belfort FRA"]
[Date "2005.07.21"]
[Round "3.10"]
[White "Tukhaev, Adam"]
[Black "Wang, Li"]
[Result "1-0"]
[WhiteElo "2438"]
[BlackElo "1599"]
[PlyCount "137"]
[EventDate "2005.07.19"]
[EventType "swiss"]
[EventRounds "11"]
[EventCountry "FRA"]
[Source "lmi"]
[SourceDate "2005.07.31"]

1. e4 c5 2. Nf3 e6 3. d4 cxd4 4. Nxd4 a6 5. Bd3 Qb6 6. Nb3 Qc7 7. O-O Nf6 8.
Nc3 b5 9. a3 Bb7 10. Qe2 d6 11. Bf4 Nbd7 12. a4 e5 13. Bd2 b4 14. Na2 d5 15.
Bxb4 dxe4 16. Bc4 Nb6 17. Bxf8 Kxf8 18. Na5 Nxc4 19. Nxc4 g6 20. a5 Rd8 21. Nb6
Nd5 22. Qxe4 Nf4 23. Qc4 Qe7 24. Qb4 Rd4 25. Qxe7+ Kxe7 26. c3 Rdd8 27. f3 Rd2
28. Rf2 Rhd8 29. Nc4 Rd1+ 30. Rf1 Rxf1+ 31. Kxf1 Bd5 32. Nxe5 f6 33. c4 Bb7 34.
Ng4 Rd2 35. Re1+ Kf7 36. Nc3 Rxb2 37. Rb1 Rxb1+ 38. Nxb1 Ke6 39. Nd2 f5 40. Ne3
Kd6 41. Nb3 Ne6 42. Ke2 Nc5 43. Nxc5 Kxc5 44. Kd3 Bc6 45. Kc3 Bd7 46. Nd5 Be6
47. Nb6 f4 48. Na4+ Kd6 49. Kd4 Bf5 50. Nc5 Bc8 51. Nd3 g5 52. Nb4 h5 53. Nd3
Bd7 54. Nc5 Bc6 55. Ne4+ Bxe4 56. fxe4 g4 57. e5+ Ke6 58. Ke4 f3 59. gxf3 gxf3
60. Kxf3 Kxe5 61. Ke3 h4 62. h3 Kd6 63. Kd4 Kc6 64. c5 Kd7 65. Kd5 Kc7 66. c6
Kc8 67. Kc4 Kb8 68. Kd4 Kc8 69. Kd5 1-0

[Event "Mundial Juvenil 2005 s18"]
[Site "Belfort FRA"]
[Date "2005.07.21"]
[Round "3.12"]
[White "Tomashevsky, Evgeny"]
[Black "Romanov, Evgeny"]
[Result "1/2-1/2"]
[WhiteElo "2555"]
[BlackElo "2451"]
[PlyCount "79"]
[EventDate "2005.07.19"]
[EventType "swiss"]
[EventRounds "11"]
[EventCountry "FRA"]
[Source "lmi"]
[SourceDate "2005.07.31"]

1. Nf3 Nf6 2. c4 e6 3. Nc3 d5 4. d4 Be7 5. Bg5 O-O 6. e3 Nbd7 7. Qc2 c5 8. cxd5
Nxd5 9. Bxe7 Qxe7 10. Nxd5 exd5 11. Bd3 g6 12. dxc5 Nxc5 13. O-O Nxd3 14. Qxd3
Bf5 15. Qd2 Rac8 16. Nd4 Bd7 17. Rac1 Qd6 18. Rxc8 Rxc8 19. Rc1 Rc5 20. Rxc5
Qxc5 21. a3 Kf8 22. f3 b6 23. g4 h6 24. Kg2 Bc8 25. Qe1 Ba6 26. h3 Qc4 27. b3
Qc5 28. a4 Qa3 29. h4 Qb2+ 30. Kg3 Kg7 31. g5 Bd3 32. gxh6+ Kh7 33. Qb4 g5 34.
Qe7 gxh4+ 35. Qxh4 Qc1 36. Kf4 Qc7+ 37. Kg4 Qc1 38. Kf4 Qc7+ 39. Kg4 Qc1 40.
Kf4 1/2-1/2

[Event "Mundial Juvenil 2005 s18"]
[Site "Belfort FRA"]
[Date "2005.07.21"]
[Round "3.13"]
[White "Gorovets, Andrey"]
[Black "Vitiugov, Nikita"]
[Result "0-1"]
[WhiteElo "2360"]
[BlackElo "2519"]
[PlyCount "70"]
[EventDate "2005.07.19"]
[EventType "swiss"]
[EventRounds "11"]
[EventCountry "FRA"]
[Source "lmi"]
[SourceDate "2005.07.31"]

1. Nf3 d5 2. d4 Nf6 3. e3 Bf5 4. c4 e6 5. Qb3 Nc6 6. Bd2 Rb8 7. Be2 Be7 8. O-O
O-O 9. Qa4 a6 10. c5 Ne4 11. b4 Bf6 12. b5 axb5 13. Bxb5 Nxc5 14. Qa3 Ne4 15.
Bxc6 bxc6 16. Bb4 Rxb4 17. Qxb4 c5 18. Qb2 cxd4 19. exd4 c5 20. Na3 cxd4 21.
Nxd4 Be5 22. Rad1 Qg5 23. Nab5 Qh6 24. g3 Bh3 25. Rfe1 Qf6 26. Rd3 Bf5 27. Rf3
Ng5 28. Rxf5 exf5 29. Kg2 f4 30. Qc3 Ne4 31. Qb2 f3+ 32. Kf1 h5 33. Re3 Rb8 34.
Rb3 Rb6 35. Rb4 Bxd4 0-1

[Event "Mundial Juvenil 2005 s18"]
[Site "Belfort FRA"]
[Date "2005.07.21"]
[Round "3.15"]
[White "Brkic, Ante"]
[Black "Sengupta, Deep"]
[Result "1-0"]
[WhiteElo "2477"]
[BlackElo "2414"]
[PlyCount "87"]
[EventDate "2005.07.19"]
[EventType "swiss"]
[EventRounds "11"]
[EventCountry "FRA"]
[Source "lmi"]
[SourceDate "2005.07.31"]

1. e4 e6 2. d4 d5 3. Nc3 Bb4 4. e5 Ne7 5. a3 Bxc3+ 6. bxc3 c5 7. Qg4 Qc7 8.
Qxg7 Rg8 9. Qxh7 cxd4 10. Ne2 Nbc6 11. f4 Bd7 12. Qd3 dxc3 13. Qxc3 Nf5 14. Rb1
d4 15. Qc5 b6 16. Qc4 Qb7 17. Rg1 Rd8 18. Qd3 Nce7 19. g4 Nh4 20. Nxd4 Bc6 21.
Rg3 Rxg4 22. Rxg4 Rxd4 23. Qh3 Nhf5 24. Bd3 Be4 25. Rb3 Bxd3 26. Rxd3 Qh1+ 27.
Qf1 Qe4+ 28. Qe2 Qc6 29. Qg2 Nd5 30. Rg8+ Kd7 31. Qe2 Nc3 32. Rxd4+ Nxd4 33.
Qd3 Ncb5 34. Be3 Qxc2 35. Qxc2 Nxc2+ 36. Kd2 Ncxa3 37. h4 Nc4+ 38. Kd3 Nb2+ 39.
Ke2 a5 40. Bxb6 a4 41. Bc5 Nc3+ 42. Kf3 Nd3 43. Bf8 Nd5 44. h5 1-0

[Event "Mundial Juvenil 2005 s18"]
[Site "Belfort FRA"]
[Date "2005.07.21"]
[Round "3.16"]
[White "Mikkelsen, Nikolaj"]
[Black "Deepan Chakkravarthy"]
[Result "0-1"]
[WhiteElo "2246"]
[BlackElo "2465"]
[PlyCount "80"]
[EventDate "2005.07.19"]
[EventType "swiss"]
[EventRounds "11"]
[EventCountry "FRA"]
[Source "lmi"]
[SourceDate "2005.07.31"]

1. e4 c5 2. Nf3 d6 3. d4 cxd4 4. Nxd4 Nf6 5. Nc3 a6 6. Bg5 e6 7. f4 Be7 8. Qf3
Qc7 9. O-O-O Nbd7 10. g4 b5 11. Bxf6 Nxf6 12. g5 Nd7 13. f5 Bxg5+ 14. Kb1 Ne5
15. Qh5 Qd8 16. h4 Bf6 17. fxe6 O-O 18. Bh3 fxe6 19. Bxe6+ Kh8 20. Bxc8 Rxc8
21. Nd5 Nc4 22. Rhg1 Be5 23. Qg4 Qa5 24. Qg2 Qa4 25. c3 b4 26. cxb4 Qd7 27.
Rgf1 Rxf1 28. Qxf1 Qg4 29. Qd3 Qg2 30. Qe2 Qxe2 31. Nxe2 Nxb2 32. Rc1 Nc4 33.
a4 Nd2+ 34. Ka2 Rf8 35. Nc7 h5 36. Nxa6 Rf7 37. Nc3 Nxe4 38. Kb3 Nxc3 39. Rxc3
Bxc3 40. Kxc3 g5 0-1

[Event "Mundial Juvenil 2005 s18"]
[Site "Belfort FRA"]
[Date "2005.07.21"]
[Round "3.20"]
[White "Garro, Pierre"]
[Black "Khusnutdinov, Rustam"]
[Result "0-1"]
[WhiteElo "2131"]
[BlackElo "2354"]
[PlyCount "70"]
[EventDate "2005.07.19"]
[EventType "swiss"]
[EventRounds "11"]
[EventCountry "FRA"]
[Source "lmi"]
[SourceDate "2005.07.31"]

1. e4 c5 2. Nf3 Nc6 3. d4 cxd4 4. Nxd4 Nf6 5. Nc3 e5 6. Ndb5 d6 7. Bg5 a6 8.
Na3 b5 9. Bxf6 gxf6 10. Nd5 f5 11. exf5 Bxf5 12. c3 Bg7 13. Nc2 Be6 14. Nce3
Ne7 15. g4 Nxd5 16. Nxd5 O-O 17. h4 f5 18. g5 e4 19. Nf4 Qd7 20. Nxe6 Qxe6 21.
Qb3 d5 22. O-O-O Rfd8 23. Kc2 Qe5 24. Be2 f4 25. f3 Kh8 26. h5 Qxg5 27. Rdg1
Qe5 28. fxe4 dxe4 29. h6 Bf6 30. Rh5 Qe7 31. Bg4 e3 32. Be6 f3 33. Rf5 f2 34.
Rh1 Rd2+ 35. Kc1 Rad8 0-1

[Event "Mundial Juvenil 2005 s18"]
[Site "Belfort FRA"]
[Date "2005.07.22"]
[Round "4.2"]
[White "Pashikian, Arman"]
[Black "Bluvshtein, Mark"]
[Result "1/2-1/2"]
[WhiteElo "2442"]
[BlackElo "2525"]
[PlyCount "139"]
[EventDate "2005.07.19"]
[EventType "swiss"]
[EventRounds "11"]
[EventCountry "FRA"]
[Source "lmi"]
[SourceDate "2005.07.31"]

1. d4 Nf6 2. Nf3 e6 3. c4 Bb4+ 4. Bd2 Qe7 5. Nc3 b6 6. g3 Bb7 7. Bg2 O-O 8. O-O
d6 9. a3 Bxc3 10. Bxc3 Ne4 11. Qc2 Nxc3 12. Qxc3 Nd7 13. b4 c5 14. dxc5 dxc5
15. b5 e5 16. Nh4 Bxg2 17. Nxg2 Nf6 18. Ne3 Rfd8 19. a4 a5 20. bxa6 Rxa6 21. a5
g6 22. axb6 Rxb6 23. Qa5 Rb2 24. Ra2 Rxa2 25. Qxa2 Rd4 26. Qa8+ Kg7 27. Qc6 Ne4
28. Rb1 Qa7 29. Qe8 Nd6 30. Qxe5+ f6 31. Qe6 Qf7 32. Qh3 Nxc4 33. Nxc4 Rxc4 34.
Qc8 Rb4 35. Rc1 Rc4 36. Rb1 Rb4 37. Rc1 Rc4 38. Ra1 Qe7 39. e3 Kh6 40. Qh3+ Kg7
41. Qc8 Kh6 42. Rd1 f5 43. h3 f4 44. gxf4 Qe4 45. Qg4 Qf5 46. Rd7 Qxg4+ 47.
hxg4 g5 48. fxg5+ Kxg5 49. Rxh7 Kxg4 50. Rf7 Rc2 51. Kg2 c4 52. Rf4+ Kg5 53.
Kf3 c3 54. Ke4 Rd2 55. Rf5+ Kg4 56. f4 c2 57. Rg5+ Kh4 58. Rc5 Kg4 59. Ke5 Rd3
60. e4 Ra3 61. Rxc2 Ra5+ 62. Kd4 Kxf4 63. Rf2+ Kg5 64. e5 Ra4+ 65. Kd5 Ra5+ 66.
Ke6 Ra6+ 67. Kf7 Ra7+ 68. Kf8 Ra8+ 69. Kg7 Re8 70. Re2 1/2-1/2

[Event "Mundial Juvenil 2005 s18"]
[Site "Belfort FRA"]
[Date "2005.07.22"]
[Round "4.4"]
[White "Vitiugov, Nikita"]
[Black "Netzer, Jean"]
[Result "1-0"]
[WhiteElo "2519"]
[BlackElo "2378"]
[PlyCount "65"]
[EventDate "2005.07.19"]
[EventType "swiss"]
[EventRounds "11"]
[EventCountry "FRA"]
[Source "lmi"]
[SourceDate "2005.07.31"]

1. d4 d5 2. c4 dxc4 3. Nf3 Nf6 4. e3 e6 5. Bxc4 a6 6. O-O c5 7. Bb3 b5 8. a4 b4
9. Nbd2 Be7 10. dxc5 Bxc5 11. e4 Bb7 12. e5 Nfd7 13. Bc2 Qc7 14. Re1 Nc6 15.
Nc4 O-O-O 16. Nd6+ Bxd6 17. exd6 Qa5 18. Be3 Kb8 19. Be4 e5 20. Nd2 Rc8 21. Nb3
Qd8 22. Rc1 Na5 23. Rxc8+ Qxc8 24. Nxa5 Bxe4 25. Qb3 Qc2 26. Qxb4+ Ka8 27. Rc1
Qd3 28. Qe1 Qxd6 29. f3 Bf5 30. Rc6 Qd3 31. Rc7 Qd6 32. Ra7+ Kb8 33. Qc3 1-0

[Event "Mundial Juvenil 2005 s18"]
[Site "Belfort FRA"]
[Date "2005.07.22"]
[Round "4.6"]
[White "Stopa, Jacek"]
[Black "Wen, Yang"]
[Result "1-0"]
[WhiteElo "2460"]
[BlackElo "2327"]
[PlyCount "65"]
[EventDate "2005.07.19"]
[EventType "swiss"]
[EventRounds "11"]
[EventCountry "FRA"]
[Source "lmi"]
[SourceDate "2005.07.31"]

1. e4 c5 2. Nf3 Nc6 3. d4 cxd4 4. Nxd4 Qc7 5. Nc3 e6 6. Be3 a6 7. Qd2 Nf6 8.
O-O-O Bb4 9. f3 Ne7 10. a3 Bxc3 11. Qxc3 Qxc3 12. bxc3 d5 13. e5 Nd7 14. f4 b6
15. Kd2 Nc5 16. Bd3 h5 17. Rb1 Na4 18. Rhf1 g6 19. Bf2 Bb7 20. Rb4 b5 21. Rfb1
Bc6 22. Nb3 Nc8 23. Na5 Kd7 24. Nxc6 Kxc6 25. c4 bxc4 26. Rxa4 cxd3 27. Ra5 d4
28. Bxd4 Rd8 29. Rc5+ Kd7 30. Kxd3 Ke8 31. Rc7 Rd7 32. Rxd7 Kxd7 33. Rb7+ 1-0

[Event "Mundial Juvenil 2005 s18"]
[Site "Belfort FRA"]
[Date "2005.07.22"]
[Round "4.7"]
[White "Valeanu, Eduard-Andrei"]
[Black "Milman, Lev"]
[Result "1/2-1/2"]
[WhiteElo "2398"]
[BlackElo "2459"]
[PlyCount "74"]
[EventDate "2005.07.19"]
[EventType "swiss"]
[EventRounds "11"]
[EventCountry "FRA"]
[Source "lmi"]
[SourceDate "2005.07.31"]

1. e4 c5 2. Nf3 d6 3. d4 cxd4 4. Nxd4 Nf6 5. Nc3 a6 6. Be3 e6 7. f3 Nc6 8. Qd2
Be7 9. O-O-O O-O 10. g4 Nxd4 11. Bxd4 b5 12. g5 Nd7 13. h4 b4 14. Na4 Qa5 15.
b3 Bb7 16. Kb1 Bc6 17. Nb2 d5 18. e5 Qc7 19. Nd3 Bb5 20. f4 Nc5 21. Nxc5 Bxc5
22. Bxc5 Qxc5 23. Qd4 Qe7 24. Bd3 Bxd3 25. Rxd3 a5 26. h5 Ra6 27. h6 g6 28. c4
dxc4 29. Qxc4 Qb7 30. Rc1 Raa8 31. Qc6 Qa7 32. Rc5 Rad8 33. Rxd8 Rxd8 34. Qc8
Rf8 35. Qc6 Rd8 36. Qc8 Rf8 37. Qc6 Rd8 1/2-1/2

[Event "Mundial Juvenil 2005 s18"]
[Site "Belfort FRA"]
[Date "2005.07.22"]
[Round "4.8"]
[White "Margvelashvili, Giorgi"]
[Black "Moranda, Wojciech"]
[Result "1/2-1/2"]
[WhiteElo "2353"]
[BlackElo "2453"]
[PlyCount "55"]
[EventDate "2005.07.19"]
[EventType "swiss"]
[EventRounds "11"]
[EventCountry "FRA"]
[Source "lmi"]
[SourceDate "2005.07.31"]

1. d4 Nf6 2. c4 c5 3. d5 e6 4. Nc3 exd5 5. cxd5 d6 6. Nf3 g6 7. Qa4+ Nbd7 8.
Bf4 a6 9. e4 Rb8 10. Bd3 Nh5 11. Bg5 Qc7 12. O-O Bg7 13. Qc2 b5 14. Be2 O-O 15.
a4 b4 16. Nb1 Re8 17. Nbd2 f5 18. Nh4 Nhf6 19. f3 Nf8 20. g3 h6 21. Be3 Kh7 22.
Nc4 b3 23. Qb1 fxe4 24. Bf4 Rd8 25. fxe4 Bh3 26. Rf2 Ng4 27. Bxg4 Bxg4 28. Qd3
1/2-1/2

[Event "Mundial Juvenil 2005 s18"]
[Site "Belfort FRA"]
[Date "2005.07.22"]
[Round "4.10"]
[White "Pancevski, Filip"]
[Black "Tomashevsky, Evgeny"]
[Result "0-1"]
[WhiteElo "2319"]
[BlackElo "2555"]
[PlyCount "146"]
[EventDate "2005.07.19"]
[EventType "swiss"]
[EventRounds "11"]
[EventCountry "FRA"]
[Source "lmi"]
[SourceDate "2005.07.31"]

1. e4 e5 2. Nf3 Nc6 3. Bb5 a6 4. Ba4 Nf6 5. Qe2 d6 6. c3 Bd7 7. O-O g6 8. d4
Qe7 9. dxe5 Nxe5 10. Bxd7+ Nexd7 11. Re1 Bg7 12. Bg5 O-O 13. Nbd2 Rfe8 14. Qc4
Rac8 15. Nb3 Qe6 16. Qb4 Nb6 17. Bxf6 Bxf6 18. Na5 Rb8 19. h3 Nd7 20. Nb3 b5
21. Qa5 Rb6 22. Nbd4 Qe7 23. Nc2 Reb8 24. Nb4 c6 25. Nd4 Ne5 26. b3 Qb7 27.
Rad1 Bh4 28. Ne2 Qe7 29. Rf1 Bf6 30. Nd4 Qb7 31. Ne2 Be7 32. f4 Nd7 33. Nd3 Re8
34. c4 bxc4 35. bxc4 Bf6 36. c5 Rb5 37. Qa4 Qa7 38. Kh1 Nxc5 39. Nxc5 Qxc5 40.
Ng3 Bh4 41. Rd3 Qb4 42. Qxa6 Qc4 43. Rfd1 Bxg3 44. Rxg3 Qxe4 45. Rf1 Rb1 46.
Rgf3 Rxf1+ 47. Rxf1 Qd5 48. a4 Re3 49. Kh2 Kg7 50. Qc8 Re2 51. Qg4 Qe4 52. Ra1
Rf2 53. a5 Rxf4 54. Qg3 Qd4 55. Rc1 Qe5 56. Rxc6 Rf1 57. Qxe5+ dxe5 58. Ra6 h5
59. Ra8 Ra1 60. a6 Kf6 61. Ra7 Ra3 62. h4 Ke6 63. Ra8 Kf5 64. Rf8 Ke6 65. Ra8
Kf6 66. Kg1 Ra4 67. g3 Ra2 68. Kf1 Kf5 69. Ra7 Kg4 70. Rxf7 Rxa6 71. Kf2 Ra2+
72. Ke3 Ra3+ 73. Ke4 Rxg3 0-1

[Event "Mundial Juvenil 2005 s18"]
[Site "Belfort FRA"]
[Date "2005.07.22"]
[Round "4.11"]
[White "Hungaski, Roberto"]
[Black "Brkic, Ante"]
[Result "1/2-1/2"]
[WhiteElo "2308"]
[BlackElo "2477"]
[PlyCount "79"]
[EventDate "2005.07.19"]
[EventType "swiss"]
[EventRounds "11"]
[EventCountry "FRA"]
[Source "lmi"]
[SourceDate "2005.07.31"]

1. e4 c5 2. Nf3 d6 3. d4 cxd4 4. Nxd4 Nf6 5. Nc3 a6 6. f4 e6 7. Qf3 Nbd7 8. g4
h6 9. Nb3 Qc7 10. h4 g6 11. Bh3 b5 12. g5 hxg5 13. hxg5 b4 14. Ne2 Nh5 15. Be3
Bb7 16. Bd4 Rg8 17. c3 d5 18. e5 bxc3 19. Nxc3 Nc5 20. Nxc5 Bxc5 21. O-O-O Bxd4
22. Rxd4 Qc5 23. Rhd1 Ng7 24. Kb1 Bc6 25. Qf2 Rh8 26. Ne4 Qb6 27. Nf6+ Kf8 28.
Qe3 Nh5 29. Qa3+ Kg7 30. Bxe6 Ng3 31. Qe7 Ra7 32. Nd7 Rxd7 33. Qf6+ Kg8 34.
Bxd7 Rh2 35. b4 Ne4 36. Qxc6 Qxc6 37. Bxc6 Nc3+ 38. Kc1 Nxa2+ 39. Kb1 Nc3+ 40.
Kc1 1/2-1/2

[Event "Mundial Juvenil 2005 s18"]
[Site "Belfort FRA"]
[Date "2005.07.22"]
[Round "4.13"]
[White "Deepan Chakkravarthy"]
[Black "Savickas, Airidas"]
[Result "1-0"]
[WhiteElo "2465"]
[BlackElo "2281"]
[PlyCount "157"]
[EventDate "2005.07.19"]
[EventType "swiss"]
[EventRounds "11"]
[EventCountry "FRA"]
[Source "lmi"]
[SourceDate "2005.07.31"]

1. c4 g6 2. Nc3 Bg7 3. g3 d6 4. Bg2 Nf6 5. Nf3 O-O 6. O-O e5 7. d3 Nc6 8. Rb1
a5 9. a3 Bf5 10. b4 axb4 11. axb4 Qd7 12. b5 Nd8 13. Re1 h6 14. Bb2 Bh3 15. Kh1
Ng4 16. d4 exd4 17. Nxd4 Ne5 18. Qb3 Ne6 19. Ne4 Nxd4 20. Bxd4 Be6 21. Nd2 c6
22. Rec1 Nxc4 23. Bxg7 Nxd2 24. Qb2 Ra2 25. Qf6 Qd8 26. Qc3 Nxb1 27. Rxb1 Qa5
28. Qf6 Qd8 29. Qd4 c5 30. Qe3 b6 31. Bxh6 f6 32. Bxf8 Qxf8 33. Qd3 Kg7 34. Rd1
Rb2 35. Bf3 Rb3 36. Qe4 Bf7 37. Qc6 Bc4 38. Rxd6 Rb1+ 39. Kg2 Bxb5 40. Qxb6 Be8
41. Qxc5 Rb5 42. Qd4 Re5 43. h4 Bf7 44. Rd7 Re7 45. Rd6 Re5 46. e3 Qe8 47. Rd8
Qb5 48. Qa7 Qc5 49. Rd7 Qxa7 50. Rxa7 Kf8 51. g4 Rb5 52. Ra1 Be6 53. Kg3 Rb2
54. Ra6 Kf7 55. Ra7+ Kg8 56. Be4 Bf7 57. Rd7 Rb5 58. Bd3 Re5 59. Rc7 Kf8 60.
Bc4 Be8 61. Kf4 Ra5 62. f3 Ra3 63. Bd5 Ra1 64. Rh7 Rd1 65. e4 Rd3 66. Be6 Ra3
67. g5 fxg5+ 68. hxg5 Rc3 69. Bd5 Rd3 70. Rb7 Ra3 71. Rb3 Ra5 72. Ke5 Ke7 73.
f4 Rc5 74. Rh3 Rc1 75. Rh7+ Kd8 76. Ra7 Rb1 77. f5 gxf5 78. exf5 Rg1 79. Kd6
1-0

[Event "Mundial Juvenil 2005 s18"]
[Site "Belfort FRA"]
[Date "2005.07.22"]
[Round "4.15"]
[White "Romanov, Evgeny"]
[Black "Forgues, Fabien"]
[Result "1-0"]
[WhiteElo "2451"]
[BlackElo "2065"]
[PlyCount "77"]
[EventDate "2005.07.19"]
[EventType "swiss"]
[EventRounds "11"]
[EventCountry "FRA"]
[Source "lmi"]
[SourceDate "2005.07.31"]

1. e4 e5 2. Nf3 Nc6 3. Bb5 a6 4. Ba4 Nf6 5. O-O Be7 6. Re1 b5 7. Bb3 d6 8. a4
Bd7 9. c3 O-O 10. d4 Bg4 11. Be3 Na5 12. Ba2 Nd7 13. Nbd2 c5 14. dxc5 dxc5 15.
Bd5 Rb8 16. axb5 axb5 17. h3 Bh5 18. Qb1 Qc7 19. b4 Nc6 20. bxc5 Bxc5 21. Bxc5
Nxc5 22. Bxc6 Qxc6 23. Nxe5 Qf6 24. Nef3 Na4 25. Qb4 Nxc3 26. e5 Qc6 27. Nd4
Qc8 28. Rec1 Na2 29. Rxc8 Nxb4 30. Rxb8 Rxb8 31. f4 Nd3 32. g4 Nxf4 33. gxh5
Nxh3+ 34. Kh2 Nf4 35. Nc6 Re8 36. Ne4 f6 37. Nd6 Rf8 38. Ne7+ Kh8 39. Nf7+ 1-0

[Event "Mundial Juvenil 2005 s18"]
[Site "Belfort FRA"]
[Date "2005.07.22"]
[Round "4.16"]
[White "Khamrakulov, Dzhurabek"]
[Black "Amin, Bassem"]
[Result "0-1"]
[WhiteElo "2280"]
[BlackElo "2400"]
[PlyCount "144"]
[EventDate "2005.07.19"]
[EventType "swiss"]
[EventRounds "11"]
[EventCountry "FRA"]
[Source "lmi"]
[SourceDate "2005.07.31"]

1. e4 e5 2. Nf3 Nc6 3. d4 exd4 4. Nxd4 Nf6 5. Nxc6 bxc6 6. e5 Qe7 7. Qe2 Nd5 8.
c4 Ba6 9. b3 g6 10. g3 Bg7 11. Bb2 O-O 12. Bg2 d6 13. O-O dxe5 14. Qd2 Rfd8 15.
Qa5 Nb4 16. Ba3 Rab8 17. Nc3 Bc8 18. Bxc6 e4 19. Nd5 Rxd5 20. cxd5 Bxa1 21.
Qxa7 Rb6 22. Qa8 Qd8 23. Bxb4 Bf6 24. Qa3 Ra6 25. Qc1 Rxa2 26. Qb1 Re2 27. Re1
Rxe1+ 28. Qxe1 Bf5 29. g4 Bxg4 30. Qxe4 Bf5 31. Qe8+ Qxe8 32. Bxe8 Bc2 33. Ba4
Be5 34. Bc5 Kg7 35. Be7 f6 36. Bc5 g5 37. Be3 Bd6 38. f3 Kg6 39. Bd2 Kf7 40.
Kg2 h6 41. Be1 f5 42. h3 Kf6 43. Bc3+ Be5 44. Ba5 h5 45. Bb4 g4 46. hxg4 hxg4
47. Be1 gxf3+ 48. Kxf3 Be4+ 49. Ke3 Bxd5 50. b4 f4+ 51. Kd3 Kg5 52. Bf2 Kg4 53.
b5 Kf3 54. Bc5 Be4+ 55. Kd2 Kg2 56. b6 c6 57. Bd1 f3 58. Ke3 f2 59. Be2 Bd5 60.
Be7 f1=Q 61. Bxf1+ Kxf1 62. Bd8 c5 63. Bc7 Bd4+ 64. Kd3 Bf2 65. Kc3 Ke2 66. Bd6
Be1+ 67. Kc2 c4 68. Be5 Be4+ 69. Kb2 Kd3 70. Ka3 Ba5 71. Bc7 c3 72. Ka4 c2 0-1

[Event "Mundial Juvenil 2005 s18"]
[Site "Belfort FRA"]
[Date "2005.07.22"]
[Round "4.18"]
[White "Khusnutdinov, Rustam"]
[Black "Oliver, Gareth"]
[Result "1-0"]
[WhiteElo "2354"]
[BlackElo "1998"]
[PlyCount "147"]
[EventDate "2005.07.19"]
[EventType "swiss"]
[EventRounds "11"]
[EventCountry "FRA"]
[Source "lmi"]
[SourceDate "2005.07.31"]

1. c4 Nf6 2. Nc3 g6 3. g3 Bg7 4. Bg2 O-O 5. e3 d6 6. Nge2 Nc6 7. O-O e5 8. h3
Nh5 9. d3 f5 10. f4 Re8 11. Nd5 exf4 12. gxf4 Ne7 13. Nxe7+ Qxe7 14. Nc3 c6 15.
Bd2 Be6 16. Rb1 Nf6 17. b3 Rad8 18. Ne2 d5 19. Qc2 Kh8 20. c5 Nh5 21. Nd4 Bd7
22. Nf3 Be6 23. Bc3 Nf6 24. Bd4 Nd7 25. b4 Bg8 26. Rfe1 Nf8 27. Qc3 Ne6 28.
Bxg7+ Qxg7 29. Qxg7+ Kxg7 30. d4 Nc7 31. a4 a6 32. Bf1 Be6 33. b5 axb5 34. axb5
Bd7 35. b6 Ne6 36. h4 Ra8 37. Ra1 Nf8 38. Ne5 Be6 39. Reb1 Rxa1 40. Rxa1 Rb8
41. Ra7 Kf6 42. Be2 Bc8 43. Bd1 Ke6 44. h5 Bd7 45. Kf2 Be8 46. hxg6 hxg6 47.
Kg3 Kf6 48. Nd3 Ne6 49. Ba4 Nd8 50. Nb4 Ke6 51. Kf3 Bd7 52. Bc2 Be8 53. Bb3 Bd7
54. Ba4 Be8 55. Nxd5 Bd7 56. Nc3 Ke7 57. Na2 Ne6 58. Nb4 Ke8 59. Bb3 Ke7 60.
Kg3 g5 61. Bxe6 gxf4+ 62. Kxf4 Kxe6 63. Nd3 Be8 64. Ra1 Bd7 65. Rh1 Rg8 66.
Rh6+ Ke7 67. Ne5 Bc8 68. Rh7+ Ke6 69. Rh4 Kf6 70. Nc4 Kg6 71. Nd6 Rf8 72. Rh1
Kf6 73. Rh7 Rg8 74. Nxc8 1-0

[Event "Mundial Juvenil 2005 s18"]
[Site "Belfort FRA"]
[Date "2005.07.22"]
[Round "4.19"]
[White "Meng, Fanhao"]
[Black "Porat, Ido"]
[Result "1/2-1/2"]
[WhiteElo "2270"]
[BlackElo "2354"]
[PlyCount "93"]
[EventDate "2005.07.19"]
[EventType "swiss"]
[EventRounds "11"]
[EventCountry "FRA"]
[Source "lmi"]
[SourceDate "2005.07.31"]

1. e4 c5 2. c3 d5 3. exd5 Qxd5 4. d4 e6 5. Nf3 Nf6 6. Bd3 Nc6 7. O-O Be7 8. Be3
cxd4 9. cxd4 O-O 10. Nc3 Qd6 11. Rc1 b6 12. Ne4 Nxe4 13. Bxe4 Bb7 14. Ne5 Na5
15. Bxb7 Nxb7 16. Qf3 Na5 17. Nc4 Nxc4 18. Rxc4 Rac8 19. Rfc1 Rxc4 20. Rxc4 Qd7
21. Qc6 Rd8 22. Qxd7 Rxd7 23. Rc8+ Bd8 24. Kf1 Kf8 25. Ke2 Ke8 26. Kd3 Rd5 27.
Ra8 Rd7 28. a4 Ke7 29. Kc4 a5 30. Bf4 Rd5 31. Ra7+ Ke8 32. Be5 g6 33. Bc7 Rd7
34. Bb8 Bf6 35. Rxd7 Kxd7 36. Be5 Bxe5 37. dxe5 Kc6 38. f4 h6 39. g3 Kc7 40.
Kb5 Kb7 41. h3 Kc7 42. Kc4 Kc6 43. b4 axb4 44. Kxb4 Kc7 45. Kc4 Kc6 46. Kb4 Kc7
47. Kc4 1/2-1/2

[Event "Mundial Juvenil 2005 s18"]
[Site "Belfort FRA"]
[Date "2005.07.22"]
[Round "4.20"]
[White "Bitelmajer, Martin"]
[Black "Jurcik, Marian"]
[Result "1-0"]
[WhiteElo "2243"]
[BlackElo "2342"]
[PlyCount "83"]
[EventDate "2005.07.19"]
[EventType "swiss"]
[EventRounds "11"]
[EventCountry "FRA"]
[Source "lmi"]
[SourceDate "2005.07.31"]

1. d4 Nf6 2. c4 g6 3. Nc3 Bg7 4. e4 d6 5. Nf3 O-O 6. Be2 Nbd7 7. O-O e5 8. Re1
b6 9. Bf1 Bb7 10. d5 Ne8 11. g3 Bf6 12. Bh6 Ng7 13. Qd2 a5 14. b3 Be7 15. Bg2
Nf6 16. h3 Kh8 17. Kh2 Ng8 18. Be3 Bc8 19. Ng1 f5 20. f4 exf4 21. Bxf4 Nh5 22.
Be3 fxe4 23. Nxe4 Ngf6 24. Bd4 Kg8 25. Nxf6+ Bxf6 26. Nf3 Bd7 27. Re2 Bxd4 28.
Nxd4 Qf6 29. Rae1 Rae8 30. Ne6 Bxe6 31. dxe6 Re7 32. Rf1 Qg7 33. Rxf8+ Qxf8 34.
Rf2 Qe8 35. Qg5 Ng7 36. Qf6 Nh5 37. Qf7+ Kh8 38. Qxe8+ Rxe8 39. g4 Ng7 40. e7
Ne6 41. Bd5 Rxe7 42. Re2 1-0

[Event "Mundial Juvenil 2005 s18"]
[Site "Belfort FRA"]
[Date "2005.07.23"]
[Round "5.3"]
[White "Pashikian, Arman"]
[Black "Stopa, Jacek"]
[Result "1/2-1/2"]
[WhiteElo "2442"]
[BlackElo "2460"]
[PlyCount "69"]
[EventDate "2005.07.19"]
[EventType "swiss"]
[EventRounds "11"]
[EventCountry "FRA"]
[Source "lmi"]
[SourceDate "2005.07.31"]

1. e4 e5 2. Nf3 Nc6 3. Bb5 a6 4. Ba4 Nf6 5. d3 d6 6. c3 Be7 7. Nbd2 O-O 8. O-O
b5 9. Bc2 Re8 10. Re1 Bf8 11. d4 Bb7 12. d5 Ne7 13. b3 c6 14. c4 g6 15. Nf1 Bg7
16. Ne3 c5 17. Bb2 Nh5 18. a3 Qd7 19. Rc1 Rf8 20. b4 Rac8 21. Bc3 Bh6 22. cxb5
axb5 23. bxc5 Rxc5 24. Bb4 Rcc8 25. g3 Nf6 26. Qe2 Bxe3 27. fxe3 Rb8 28. Rf1
Ne8 29. Bd3 Bc8 30. Qb2 f6 31. Nh4 Kg7 32. Bc3 Qa7 33. Rfe1 Bd7 34. Rb1 Nc7 35.
Bb4 1/2-1/2